Normal view
MARC view
- Abdul Wahab V. M
Entry Personal Name
001 - CONTROL NUMBER
- control field: 2977
003 - CONTROL NUMBER IDENTIFIER
- control field: OSt
005 - DATE AND TIME OF LATEST TRANSACTION
- control field: 20180303114331.0
008 - FIXED-LENGTH DATA ELEMENTS
- fixed length control field: 180303|| aca||aabn | a|a d
040 ## - CATALOGING SOURCE
- Original cataloging agency: OSt
- Transcribing agency: OSt
100 ## - HEADING--PERSONAL NAME
- Personal name: Abdul Wahab V. M
670 ## - SOURCE DATA FOUND
- Source citation: Work cat.: (OSt): ABDUL HAKKIM, V. M 2907, Studies on consumptive use of water for wetland paddy in Tavanur region, 1990
